[Event "Tampere op"]
[Site "Tampere"]
[Date "1999.??.??"]
[Round "3"]
[White "Nyysti, Sampsa"]
[Black "Keskisarja, Teemu"]
[Result "0-1"]
[WhiteElo "2178"]
[BlackElo "2313"]

1.e4 c5 2.Nf3 d6 3.Bb5+ Bd7 4.Bxd7+ Nxd7 5.O-O Ngf6 6.Qe2 e6 7.b3 Be7 8.Bb2 O-O
9.d4 cxd4 10.Nxd4 a6 11.c4 Qb6 12.a4 Rfe8 13.a5 Qc7 14.Nc3 Bf8 15.Rfe1 Rac8
16.Nc2 Ne5 17.Na4 Qxa5 18.b4 Qc7 19.Bxe5 dxe5 20.c5 Nd7 21.Red1 Rcd8 22.Nb2 Nb8
23.Nc4 Nc6 24.Qe3 Rxd1+ 25.Rxd1 Rd8 26.Rd3 a5  0-1

[Event "Tampere op"]
[Site "Tampere"]
[Date "1999.??.??"]
[Round "6"]
[White "Rytshagov, Mikhail"]
[Black "Veingold, Aleksandr"]
[Result "1/2-1/2"]
[WhiteElo "2533"]
[BlackElo "2477"]

1.e4 c5 2.Nf3 d6 3.Bb5+ Bd7 4.Bxd7+ Qxd7 5.c4 Nf6 6.Nc3 Nc6 7.d4 cxd4 8.Nxd4 Qg4
9.Qxg4 Nxg4 10.Nxc6 bxc6 11.Bf4 g5 12.Bxg5 Ne5 13.b3 Rg8 14.Bh4 Rg4 15.Bg3 Bg7
16.Kd2 Ng6 17.Rae1 h5  1/2-1/2

[Event "Toulouse op"]
[Site "Toulouse"]
[Date "1999.??.??"]
[Round "1"]
[White "Brochet, Philippe"]
[Black "Janotta, Patrick"]
[Result "1-0"]
[WhiteElo "2351"]
[BlackElo "2158"]

1.e4 c5 2.Nf3 d6 3.Bb5+ Nd7 4.d4 Nf6 5.Nc3 a6 6.Bxd7+ Nxd7 7.O-O cxd4 8.Qxd4 e5
9.Qd3 Nc5 10.Qe3 Be6 11.Rd1 Qc7 12.Nd5 Bxd5 13.Rxd5 Be7 14.b3 O-O 15.Ba3 Ne6
16.c4 Nf4 17.Rd2 f5 18.exf5 Rxf5 19.Rad1 Rd8 20.Qe4 Rf6 21.c5 Qc8 22.cxd6 Qg4
23.Qc4+ Kh8 24.Qf1 Bf8 25.Kh1 e4 26.Ne1 e3 27.fxe3 Nd5 28.Qg1 Nxe3 29.Qxe3 Rf1+
30.Qg1 Rxg1+ 31.Kxg1 h6 32.Nf3 b5 33.Bc5 Kg8 34.Bb6 Ra8 35.d7 Be7 36.d8=Q+ Bxd8
37.Rxd8+ Rxd8 38.Rxd8+ Kh7 39.Bd4 Qe6 40.Ra8 g5 41.h3 Kg6 42.Rf8 Qe2 43.Rf6+ Kh7
44.Rxa6 Qd1+ 45.Kh2 Qc1 46.Be5 Qe3 47.b4 h5 48.Rf6 g4 49.Rf7+ Kg6 50.Rg7+ Kf5
51.Rg5+ Ke6 52.hxg4 hxg4 53.Rxg4 Qa3 54.Bg3 Kd5 55.Rg5+ Kc4 56.Rc5+ Kxb4
57.Bd6 Qa5 58.Nd4 Ka4 59.Nxb5 Qd8 60.Rh5 Qf6 61.Be5 Qg6 62.Nc3+ Kb4 63.Rh3 Qf5
64.Bd6+ Kc4 65.a4 Qg6 66.Nb5 Qe6 67.Rc3+  1-0

[Event "RUS-Cup"]
[Site "Tula "]
[Date "1999.??.??"]
[Round "3"]
[White "Kovalevskaya, Ekaterina"]
[Black "Voitsekhovsky, Stanislav"]
[Result "1-0"]
[WhiteElo "2499"]
[BlackElo "2558"]

1.e4 c5 2.Nf3 d6 3.Bb5+ Bd7 4.Bxd7+ Qxd7 5.c4 Nc6 6.Nc3 Nf6 7.d4 cxd4 8.Nxd4 e6
9.O-O Be7 10.b3 O-O 11.Be3 a6 12.Qe2 Rac8 13.Rac1 Qc7 14.f3 Qa5 15.Qd2 Nxd4
16.Bxd4 b5 17.Rfd1 Kh8 18.cxb5 axb5 19.b4 Qxb4 20.Rb1 Qa3 21.Nxb5 Qa6 22.Kh1 Rfd8
23.Nc3 Rc6 24.Rb3 Rdc8 25.Qb2 Nd7 26.Ra3 Rb6 27.Bxb6 Qxb6 28.Qxb6 Nxb6 29.Ra7 Bf6
30.Nb5 Kg8 31.Rb7 Na4 32.g3 h5 33.Nxd6 Rd8 34.Rd2 Bc3 35.Rd3 Be5 36.Nxf7 Rxd3
37.Nxe5 Rd2 38.Rd7 Rxa2 39.Ra7 Nc3 40.Rxa2 Nxa2 41.Kg2 Nb4 42.Kf2 g5 43.h4 gxh4
44.gxh4 Kg7 45.Ke2 Nc2 46.Nd3 Nd4+ 47.Ke3 Nc2+ 48.Kf4 Nd4 49.Kg3 Kh6 50.Nf4 e5
51.Nd3 Nc6 52.f4 exf4+ 53.Kxf4 Nd4 54.e5 Nc6 55.Kf5 Kg7 56.Nf4 Kf7 57.e6+ Ke7
58.Ng6+ Ke8 59.Kf6 Nd4 60.Nf4 Nc6 61.Nxh5 Ne7 62.Ng7+ Kf8 63.Nf5 Nd5+ 64.Ke5 Nc7
65.Kd6 Ne8+ 66.Kd7 Nf6+ 67.Kd8 Kg8 68.e7 Kf7 69.Nd6+  1-0

[Event "RUS-Cup"]
[Site "Tula "]
[Date "1999.??.??"]
[Round "7"]
[White "Kotsur, Pavel"]
[Black "Rashkovsky, Nukhim N"]
[Result "1-0"]
[WhiteElo "2499"]
[BlackElo "2525"]

1.e4 c5 2.Nf3 d6 3.Bb5+ Bd7 4.Bxd7+ Qxd7 5.c4 Nc6 6.Nc3 Ne5 7.d4 Nxf3+ 8.gxf3 cxd4
9.Qxd4 e6 10.Be3 Ne7 11.f4 Nc6 12.Qd2 Be7 13.O-O-O O-O-O 14.Kb1 Kb8 15.Qc2 b6
16.Rd2 Qb7 17.Rhd1 g6 18.f3 Rd7 19.a3 Na5 20.Nb5 Qc6 21.b3 Rhd8 22.Nd4 Qc8
23.f5 exf5 24.exf5 d5 25.Bf4+ Kb7 26.Qd3 Nc6 27.Nc2 dxc4 28.Qxd7+ Rxd7 29.Rxd7+ Ka6
30.b4 Kb5 31.R1d5+ Ka4 32.b5 Na5 33.Rxe7 Qa8 34.Ne3 gxf5 35.Nd1 Qg8 36.Ka2  1-0

[Event "RUS-Cup"]
[Site "Tula "]
[Date "1999.??.??"]
[Round "9"]
[White "Yagupov, Igor"]
[Black "Filipenko, Alexander V"]
[Result "1-0"]
[WhiteElo "2450"]
[BlackElo "2360"]

1.e4 c5 2.Nf3 d6 3.Bb5+ Nd7 4.d4 Nf6 5.Nc3 cxd4 6.Qxd4 a6 7.Bxd7+ Nxd7 8.Bg5 f6
9.Be3 e6 10.O-O-O b5 11.Nd2 Rb8 12.f4 Nc5 13.e5 Bb7 14.exd6 Qxd6 15.Qxd6 Bxd6
16.Nc4 Be7 17.Nd6+ Bxd6 18.Rxd6 Na4 19.Nxa4 bxa4 20.Rhd1 Rc8 21.Rxe6+ Kf7
22.Red6 Rhe8 23.Rd7+  1-0

[Event "RUS-ch sf"]
[Site "Ufa"]
[Date "1999.??.??"]
[Round "4"]
[White "Sufiyarov, Artur"]
[Black "Semakin, Anatolij"]
[Result "1/2-1/2"]
[WhiteElo "2185"]
[BlackElo "2345"]

1.e4 c5 2.Nf3 d6 3.Bb5+ Bd7 4.Bxd7+ Qxd7 5.O-O g6 6.d4 Bg7 7.dxc5 dxc5 8.Qe2 Nc6
9.Rd1 Nd4 10.Nxd4 cxd4 11.c3 e5 12.cxd4 exd4 13.Nc3 Ne7 14.Nd5 O-O 15.Nxe7+ Qxe7
16.Qd3 Rae8 17.Bd2 Kh8 18.Re1 Rc8 19.Rac1 Qe6 20.b3 Kg8 21.h3 a6 22.Rxc8 Rxc8
23.Rc1 Re8 24.a4 h5 25.f3 Rc8 26.Kf2 h4 27.Rxc8+ Qxc8 28.Bg5 Qc5 29.Bxh4 Bh6
30.Bf6 Be3+ 31.Ke2 b5 32.axb5 axb5 33.h4 Qc1 34.Bxd4 Bxd4 35.Qxd4 Qc2+ 36.Qd2 Qxb3
37.Qd8+ Kh7 38.Qd5 Qb2+ 39.Kf1 Kg7 40.h5 b4 41.hxg6 Kxg6 42.Qf5+ Kg7 43.Qg5+ Kh7
44.Qh5+ Kg8 45.Qg5+ Kf8 46.Qd8+ Kg7  1/2-1/2

[Event "Valles Tancat 3th"]
[Site "Valles Tancat"]
[Date "1999.??.??"]
[Round "?"]
[White "Bravo, Narciso"]
[Black "Baches Garcia, Guillermo"]
[Result "1/2-1/2"]
[WhiteElo "2265"]
[BlackElo "2285"]

1.e4 c5 2.Nf3 d6 3.Bb5+ Bd7 4.a4 Nf6 5.d3 Nc6 6.O-O g6 7.Re1 Bg7 8.c3 a6
9.Bc4 O-O 10.Bg5 Rc8 11.h3 Na5 12.Ba2 Qb6 13.Qc2 c4 14.dxc4 Nxc4 15.Bb3 h6
16.Nbd2 Nxd2 17.Bxd2 Bc6 18.Be3 Qc7 19.Nd2 Nd7 20.a5 Bb5 21.Qb1 Nc5 22.Bc2 e5
23.Nb3 Ne6 24.Bd3 Bc6 25.Nd2 Nf4 26.Bf1 Kh7 27.g3 Ne6 28.h4 Qe7 29.Bh3 Rce8
30.Nc4 Nc7 31.b4 h5 32.Qc2 Rd8 33.Rad1 Rfe8 34.Nb6 d5 35.exd5 Nxd5 36.Nxd5 Rxd5
37.Bc5 Rxc5 38.bxc5 Qxc5 39.Bd7 Re7 40.Bxc6 Qxc6 41.Qb3 e4 42.Qb4 Re6 43.c4 Bh6
44.Rd5 e3 45.f4 Re4 46.Qc3 Qe6 47.Re5 Qg4 48.Rxe3 Rxf4 49.Qd3 Rxc4 50.Rf3 Bg7
51.Re2 Qd4+ 52.Qxd4 Bxd4+ 53.Kg2 Rc7 54.Rd2 Be5 55.Re2  1/2-1/2

[Event "FIN-ch"]
[Site "Vammala"]
[Date "1999.??.??"]
[Round "4"]
[White "Keskisarja, Teemu"]
[Black "Maki, Veijo"]
[Result "1/2-1/2"]
[WhiteElo "2313"]
[BlackElo "2380"]

1.e4 c5 2.Nf3 d6 3.Bb5+ Nd7 4.d4 Nf6 5.Nc3 a6 6.Bxd7+ Nxd7 7.O-O e6 8.Bg5 Qc7
9.a4 b6 10.Re1 cxd4 11.Nxd4 h6 12.Bh4 g5 13.Bg3 Ne5 14.Nf3 Be7 15.Ra3 Bd7
16.Rb3 Rb8 17.Nxe5 dxe5 18.Qe2 Ra8 19.Rd1 Bc5 20.Kh1 Ke7 21.f3 Rhd8 22.h3 f6
23.Bf2 b5 24.axb5 axb5 25.Rd5 Bxf2 26.Qxf2 Rdc8 27.Rd1 Qc4 28.Qd2 Be8 29.Qd6+ Kf7
30.Rb4 Qc5 31.Qxc5 Rxc5 32.Kg1 Rac8 33.Rd6 Rc4 34.Rxc4 Rxc4 35.Rb6 b4 36.Na2 Rxc2
37.Rxb4 f5 38.Nc3 Kf6 39.Rb8 Bg6 40.Rb4 h5 41.Kf1 g4 42.hxg4 hxg4 43.fxg4 fxe4
44.Nxe4+ Bxe4 45.Rxe4 Rxb2 46.Re2 Rb4 47.Kf2 Rxg4 48.Ke3 Kf5 49.Rf2+ Rf4
50.g3 Rxf2 51.Kxf2 Ke4 52.Ke2 Kd4 53.Kd2  1/2-1/2

[Event "JUG-chT"]
[Site "Vrnjacka Banja"]
[Date "1999.??.??"]
[Round "2"]
[White "Savic, Miodrag R"]
[Black "Kosanovic, Goran A"]
[Result "1-0"]
[WhiteElo "2434"]
[BlackElo "2485"]

1.e4 c5 2.Nf3 d6 3.Bb5+ Bd7 4.Bxd7+ Nxd7 5.O-O Ngf6 6.Re1 e6 7.c3 Ne5 8.d3 Be7
9.Na3 Nxf3+ 10.Qxf3 O-O 11.Qg3 Kh8 12.Bd2 a6 13.Nc2 b5 14.Rad1 Rc8 15.Bc1 Qc7
16.a3 Qb7 17.Bg5 Rcd8 18.Qh4 Ng8 19.Bxe7 Qxe7 20.Qxe7 Nxe7 21.d4 cxd4 22.Rxd4 d5
23.exd5 Rxd5 24.Red1 Rfd8 25.Rxd5 Rxd5 26.Rxd5 Nxd5 27.Nb4 Nxb4 28.axb4 e5
29.b3 f5 30.c4 Kg8 31.g4 g6 32.gxf5 gxf5 33.Kg2 Kf7 34.Kg3 Ke6 35.c5 Kd5
36.Kh4 h6 37.h3 Kc6 38.Kh5 e4 39.Kh4 Kd5 40.Kg3 Ke5 41.c6 Kd6 42.Kf4 Kxc6
43.Ke5  1-0

[Event "JUG-chT"]
[Site "Vrnjacka Banja"]
[Date "1999.??.??"]
[Round "3"]
[White "Kosanovic, Goran A"]
[Black "Arsovic, Goran"]
[Result "1-0"]
[WhiteElo "2485"]
[BlackElo "2423"]

1.e4 c5 2.Nf3 d6 3.Bb5+ Bd7 4.Bxd7+ Qxd7 5.O-O Nf6 6.Re1 Nc6 7.c3 e6 8.d4 cxd4
9.cxd4 d5 10.e5 Ne4 11.Nbd2 Nxd2 12.Bxd2 Be7 13.Rc1 O-O 14.Rc3 Rac8 15.h4 Nb4
16.Rb3 Rc4 17.Bxb4 Bxb4 18.Rf1 Be7 19.h5 h6 20.Nh2 f5 21.exf6 Bxf6 22.Rd3 Qc6
23.Ng4 Kh8 24.Rf3 Qe8 25.Nxf6 Rxf6 26.Rxf6 gxf6 27.Re1 Qf7 28.Qd2 Kh7 29.Qf4 Rc6
30.Qf3 f5 31.Qe2 Qg7 32.Qb5 a6 33.Qb4 Qf7 34.b3 Kg7 35.a4 b6 36.a5 bxa5 37.Qb8 Rc7
38.Qb6 Re7 39.Qxa5 Qxh5 40.Qxa6 Kf7 41.Qd6 Qg4 42.Qe5 Qg7 43.Qe3 Qg5 44.f4 Qf6
45.b4 Rb7 46.Rb1 Qd8 47.Qc3 Qb6 48.Qe3 Qb5 49.Kh2 Qc4 50.Re1 Qc6 51.Qe5 Rxb4
52.Qh8 Ke7 53.Qg7+ Ke8 54.Ra1  1-0

[Event "JUG-chT"]
[Site "Vrnjacka Banja"]
[Date "1999.??.??"]
[Round "5"]
[White "Kosanovic, Goran A"]
[Black "Vuckovic, Bojan"]
[Result "1-0"]
[WhiteElo "2485"]
[BlackElo "2433"]

1.e4 c5 2.Nf3 d6 3.Bb5+ Bd7 4.Bxd7+ Qxd7 5.O-O Nc6 6.c3 Nf6 7.Re1 e6 8.d4 cxd4
9.cxd4 d5 10.e5 Ne4 11.Nbd2 Nxd2 12.Bxd2 Be7 13.Rc1 O-O 14.Rc3 Rac8 15.a3 Rc7
16.Rd3 Nb8 17.Ng5 h6 18.Nh3 f5 19.Rg3 Kh7 20.Qh5 Qe8 21.Rxg7+ Kxg7 22.Qxh6+ Kg8
23.Re3 Bh4 24.Qxh4 Rh7 25.Rg3+ Kh8 26.Bh6  1-0

[Event "JUG-chT"]
[Site "Vrnjacka Banja"]
[Date "1999.??.??"]
[Round "6"]
[White "Rublevsky, Sergei"]
[Black "Martinovic, Slobodan"]
[Result "1-0"]
[WhiteElo "2660"]
[BlackElo "2445"]

1.e4 c5 2.Nf3 d6 3.Bb5+ Bd7 4.Bxd7+ Qxd7 5.c4 Nc6 6.Nc3 g6 7.d4 Bg7 8.d5 Bxc3+
9.bxc3 Na5 10.Nd2 e5 11.O-O Nf6 12.f4 exf4 13.Rxf4 Nh5 14.Rf1 O-O 15.e5 dxe5
16.Ne4 Kg7 17.g4 Nf4 18.Bxf4 exf4 19.Nxc5 Qc7 20.Qd4+ Kg8 21.d6 Qd8 22.Rxf4 Nc6
23.Qd5 Qb6 24.Kh1 Rae8 25.Nd7 Qb2 26.Raf1  1-0

[Event "JUG-chT"]
[Site "Vrnjacka Banja"]
[Date "1999.??.??"]
[Round "7"]
[White "Savic, Miodrag R"]
[Black "Vuckovic, Bojan"]
[Result "1/2-1/2"]
[WhiteElo "2434"]
[BlackElo "2433"]

1.e4 c5 2.Nf3 d6 3.Bb5+ Bd7 4.Bxd7+ Qxd7 5.O-O Nc6 6.Re1 Nf6 7.c3 e6 8.d3 Be7
9.Nbd2 Ne5 10.Nc4 Qc7 11.Bf4 Nfd7 12.Ncxe5 dxe5 13.Nxe5 Nxe5 14.d4 Bd6 15.dxe5 Bxe5
16.Qa4+ Ke7 17.Bxe5 Qxe5 18.Rad1 Rhd8 19.Rxd8 Rxd8 20.Qxa7 Qxe4 21.Qxc5+ Kf6
22.Rf1 Rd2 23.Qb5 Qe2 24.Qxe2 Rxe2 25.Rb1 b5 26.g3 e5  1/2-1/2

[Event "JUG-chT (Women)"]
[Site "Vrnjacka Banja"]
[Date "1999.??.??"]
[Round "9"]
[White "Peptan, Corina"]
[Black "Bojkovic, Natasa"]
[Result "1/2-1/2"]
[WhiteElo "2419"]
[BlackElo "2424"]

1.e4 c5 2.Nf3 d6 3.Bb5+ Bd7 4.Bxd7+ Nxd7 5.O-O Ngf6 6.Qe2 e6 7.b3 Be7 8.Bb2 O-O
9.c4 a6 10.d4 cxd4 11.Nxd4 Qa5 12.Nc3 Rfc8 13.Rac1 Qh5 14.Qxh5 Nxh5 15.Rfd1 Kf8
16.Rc2 Nhf6 17.f3 Ne8 18.Bc1 Bf6 19.Be3 h6 20.Rdd2 Rc7 21.Nce2 Rac8 22.Rb2  1/2-1/2

[Event "JUG-chT"]
[Site "Vrnjacka Banja"]
[Date "1999.??.??"]
[Round "9"]
[White "Kosanovic, Goran A"]
[Black "Pavlovic, Milos"]
[Result "1/2-1/2"]
[WhiteElo "2485"]
[BlackElo "2500"]

1.e4 c5 2.Nf3 d6 3.Bb5+ Nd7 4.d4 Nf6 5.Nc3 cxd4 6.Qxd4 e5 7.Qd3 h6 8.Be3 Be7
9.a4 O-O 10.Bc4 a6 11.O-O Nb6 12.Nd2 Nxc4 13.Nxc4 Be6  1/2-1/2

[Event "JUG-chT"]
[Site "Vrnjacka Banja"]
[Date "1999.??.??"]
[Round "10"]
[White "Kojovic, Dragan"]
[Black "Ilincic, Zlatko"]
[Result "0-1"]
[WhiteElo "2272"]
[BlackElo "2577"]

1.e4 c5 2.Nf3 d6 3.Bb5+ Bd7 4.Bxd7+ Qxd7 5.c4 Nc6 6.Nc3 g6 7.O-O Bg7 8.d3 e6
9.Be3 Nd4 10.Bxd4 cxd4 11.Nb5 e5 12.Qa4 Ke7 13.Qb4 b6 14.Rfe1 a6 15.Na3 Qc6
16.Re2 Nh6 17.Nc2 Rhb8 18.Qd2 a5 19.h3 f6 20.Na3 Nf7 21.Nb5 Bh6 22.Qe1 Nd8
23.Nh4 Ne6 24.Rc2 Rg8 25.g3 Raf8 26.Kh2 Bg5 27.Ng2 f5 28.f3 h5 29.Qe2 f4
30.g4 hxg4 31.hxg4 Rh8+ 32.Kg1 Bh4  0-1

[Event "JUG-chT"]
[Site "Vrnjacka Banja"]
[Date "1999.??.??"]
[Round "10"]
[White "Cabrilo, Goran"]
[Black "Todorovic, Goran N"]
[Result "1-0"]
[WhiteElo "2466"]
[BlackElo "2385"]

1.e4 c5 2.Nf3 d6 3.Bb5+ Bd7 4.Bxd7+ Qxd7 5.c4 e5 6.Nc3 Nc6 7.a3 g6 8.Rb1 Bg7
9.d3 Nge7 10.b4 O-O 11.O-O f5 12.bxc5 dxc5 13.Nd5 h6 14.Bb2 Nc8 15.Re1 Re8
16.Nh4 Qf7 17.exf5 gxf5 18.g4 fxg4 19.Qxg4 Nd6 20.f4 Kh7 21.f5 Rf8 22.Kh1 Ne8
23.Ng6 Rg8 24.Rg1 Rd8 25.Qf3 Nf6 26.Nxf6+ Qxf6 27.Rbe1 Rge8 28.Qe4 Nd4 29.Ref1 Rd6
30.Rg2 Red8 31.Ne7 Kh8 32.Nd5 Qf7 33.f6 Bf8 34.Bxd4 Rxd5 35.cxd5 Qxd5 36.Qxd5 Rxd5
37.Ba1  1-0

[Event "JUG-chT"]
[Site "Vrnjacka Banja"]
[Date "1999.??.??"]
[Round "10"]
[White "Vujosevic, Vladimir"]
[Black "Kosanovic, Goran A"]
[Result "1/2-1/2"]
[WhiteElo "2375"]
[BlackElo "2485"]

1.e4 c5 2.Nf3 d6 3.Bb5+ Bd7 4.Bxd7+ Qxd7 5.c4 Nc6 6.Nc3 Nf6 7.O-O Ne5 8.d3 e6
9.Ne1 Be7 10.f4 Nc6 11.Nc2 O-O 12.b3 a6 13.Bb2 Rfc8 14.Qe2 Qc7 15.Nd1 Nd7
16.Nde3 Bf6 17.Bxf6 Nxf6 18.Ng4  1/2-1/2

[Event "Hoogovens-C op"]
[Site "Wijk aan Zee"]
[Date "1999.??.??"]
[Round "3"]
[White "Dvorietzky, Mark I"]
[Black "Overeem, Marc"]
[Result "1-0"]
[WhiteElo "2475"]
[BlackElo "2225"]

1.e4 c5 2.Nf3 d6 3.Bb5+ Bd7 4.Bxd7+ Qxd7 5.O-O Nc6 6.c3 Nf6 7.d4 Nxe4 8.d5 Ne5
9.Nxe5 dxe5 10.Re1 Nd6 11.Rxe5 O-O-O 12.Na3 g6 13.Bf4 Bg7 14.Re1 Rhe8 15.Qb3 e5
16.dxe6 Rxe6 17.Rxe6 Qxe6 18.Qxe6+ fxe6 19.Kf1 e5 20.Be3 b6 21.Ke2 Rd7 22.g4 Kb7
23.Rd1 Kc6 24.Nc2 Nc4 25.Rxd7 Kxd7 26.b3 Nd6 27.c4 Kc6 28.f3 a6 29.Kd3 Bf6
30.b4 Be7 31.bxc5 bxc5 32.Na1 Ne8 33.Nb3 Bd6 34.h3 Nf6 35.Bg5 Nd7 36.Ke4 Nb6
37.Kd3 Kd7 38.Be3 Kc6 39.Nd2 Nd7 40.Bg5 Bf8 41.Ne4 Bd6 42.Bd8 Nf8 43.Bf6 Kd7
44.Bg5 Kc6 45.Bh6 Be7 46.Bxf8 Bxf8 47.Ng5 h6 48.Nf7 g5  1-0

[Event "Zagreb op"]
[Site "Zagreb"]
[Date "1999.??.??"]
[Round "8"]
[White "Ponos, Velimir"]
[Black "Matic, Zeljko"]
[Result "0-1"]
[WhiteElo "2255"]
[BlackElo "2085"]

1.e4 c5 2.Nf3 d6 3.Bb5+ Bd7 4.a4 Nf6 5.Qe2 Nc6 6.h3 g6 7.O-O Bg7 8.c3 a6
9.Bc4 Ne5 10.Bb3 Bc6 11.Bc2 O-O 12.d4 Nxf3+ 13.Qxf3 cxd4 14.cxd4 Qb6 15.Rd1 a5
16.d5 Bd7 17.Na3 Rfc8 18.Be3 Qb4 19.b3 Rc3 20.Ra2 Rac8 21.Rd2 Be8 22.Nc4 Nd7
23.Qg4 R8xc4 24.bxc4 Rxe3 25.Qd1 Ra3 26.Rxa3 Qxa3 27.Rd3 Qc5 28.Rb3 b6 29.Bd3 h5
30.Qb1 Bd4 31.Rb5 Qc7 32.Bf1 Ne5 33.Rb3 Bxa4 34.Rg3 Be8  0-1

[Event "Rilton Cup"]
[Site "Stockholm SWE"]
[Date "2000.01.03"]
[Round "6"]
[White "Votava,J"]
[Black "Yakovich,Y"]
[Result "1/2-1/2"]
[WhiteElo "2497"]
[BlackElo "2592"]

1.e4 c5 2.Nf3 d6 3.Bb5+ Nd7 4.d4 Nf6 5.Nc3 a6 6.Bxd7+ Nxd7 7.O-O e6 8.d5 Nf6
9.dxe6 Bxe6 10.Re1 Be7 11.Bg5 O-O 12.Bxf6 Bxf6 13.Nd5 g6 14.c3 Bg7 15.Qd2 b5
16.Rad1 Ra7 17.h3 Rd7 18.g4 a5 19.a3 Qb8 20.Qf4 Bxd5 21.Rxd5 b4 22.axb4 axb4
23.cxb4 Qxb4 24.Rxd6 Rxd6 25.Qxd6 Bxb2 26.e5 Qb7 27.Ng5 Bd4 28.Ne4 Qb2 29.Nf6+ Kg7
30.Nh5+  1/2-1/2

[Event "Rilton Cup"]
[Site "Stockholm SWE"]
[Date "2000.01.05"]
[Round "9"]
[White "Oral,T"]
[Black "Votava,J"]
[Result "1-0"]
[WhiteElo "2541"]
[BlackElo "2497"]

1.e4 c5 2.Nf3 d6 3.Bb5+ Bd7 4.Bxd7+ Qxd7 5.c4 Nc6 6.Nc3 g6 7.d4 cxd4 8.Nxd4 Bg7
9.Nde2 Nf6 10.O-O O-O 11.f3 a6 12.a4 e6 13.Bg5 Rfc8 14.Rb1 Ne8 15.b3 Qc7
16.Qd2 Qa5 17.Rfd1 Rc7 18.Kh1 Rd7 19.Be3 Qd8 20.Qe1 Ne5 21.Bd4 h5 22.f4 Ng4
23.h3 Ngf6 24.Qf2 d5 25.e5 Nh7 26.cxd5 exd5 27.Bb6 Qe7 28.Rxd5 Rxd5 29.Nxd5 Qe6
30.Qf3 g5 31.Nd4 Qd7 32.Rd1 gxf4 33.Nf5 Kh8 34.Nxg7 Nxg7 35.Nc7  1-0

[Event "ch-CRO"]
[Site "Pula CRO"]
[Date "2000.01.07"]
[Round "1"]
[White "Fercec,N"]
[Black "Kutuzovic,B"]
[Result "1/2-1/2"]
[WhiteElo "2476"]
[BlackElo "2480"]

1.e4 c5 2.Nf3 d6 3.Bb5+ Nd7 4.d4 Nf6 5.Nc3 a6 6.Bxd7+ Nxd7 7.O-O e6 8.a4 b6
9.dxc5 Nxc5 10.Bf4 Bb7 11.Qe2 Qc7 12.Rfd1 Be7 13.Nd2 Nd7 14.Nc4 Ne5  1/2-1/2

[Event "Bundesliga 1999-2000"]
[Site "Solingen GER"]
[Date "2000.01.08"]
[Round "7"]
[White "Thiel,T"]
[Black "Naumann,A"]
[Result "0-1"]
[WhiteElo "2323"]
[BlackElo "2495"]

1.e4 c5 2.Nf3 d6 3.Bb5+ Nc6 4.O-O Bd7 5.c3 a6 6.Bxc6 Bxc6 7.Re1 e6 8.d4 cxd4
9.cxd4 d5 10.Nc3 dxe4 11.Ne5 Nf6 12.Bg5 Be7 13.Bxf6 Bxf6 14.Nxc6 bxc6 15.Nxe4 Bxd4
16.Qa4 O-O 17.Red1 e5 18.Qxc6 Qc8 19.Rac1 Bxb2 20.Nd6 Qe6 21.Rc4 Bd4 22.Re1 Rab8
23.Qc7 Rb2 24.Rf1 Bb6 25.Qc6 Rd8 26.Ne4 Qxc6 27.Rxc6 a5 28.Nd6 Bd4 29.a3 a4
30.Ra6 Rdb8 31.g3 R2b6 32.Rxb6 Rxb6 33.Rc1 h6 34.Nc4 Rc6 35.Rc2 Kf8 36.Kf1 Ke7
37.Ke2 Ke6 38.Kd3 Kd5 39.f3 f5 40.Nd2 e4+  0-1

[Event "Israeli League"]
[Site "Ramat Aviv ISR"]
[Date "2000.01.14"]
[Round "1"]
[White "Finkel,A"]
[Black "Lipes,Y"]
[Result "1-0"]
[WhiteElo "2484"]
[BlackElo "2204"]

1.e4 c5 2.Nf3 d6 3.Bb5+ Bd7 4.Bxd7+ Qxd7 5.c4 Nc6 6.O-O g6 7.d4 cxd4 8.Nxd4 Bg7
9.Be3 Nf6 10.f3 O-O 11.Nc3 Rfc8 12.b3 Ne8 13.Nde2 Nc7 14.Qd2 f5 15.Rad1 fxe4
16.Nxe4 Rf8 17.N2c3 Rad8 18.Qf2 b6 19.Qh4 Rf5 20.g4 Rf7 21.Nd5 Nxd5 22.cxd5 Ne5
23.h3 Qb5 24.Qg3 h6 25.Qg2 g5 26.Ng3 Ng6 27.Nf5 Rc8 28.f4 gxf4 29.Bxf4 Nxf4
30.Rxf4  1-0

[Event "VII Anibal Open"]
[Site "Linares ESP"]
[Date "2000.01.15"]
[Round "9"]
[White "Turov,M"]
[Black "Paragua,M"]
[Result "1/2-1/2"]
[WhiteElo "2529"]
[BlackElo "2268"]

1.e4 c5 2.Nf3 d6 3.Bb5+ Nd7 4.c3 Nf6 5.Qe2 a6 6.Ba4 b5 7.Bc2 e5 8.O-O Be7
9.d4 O-O 10.a4 cxd4 11.cxd4 Bb7 12.d5 Qc7 13.a5 Rfc8 14.Ne1 Qc4 15.Qxc4 Rxc4
16.Nd2 Rc7 17.b3 Rac8 18.Ra2 Nc5 19.Ba3 Nh5 20.Bd1 Nf4 21.g3 Ng6 22.Bg4 Rb8
23.Rc2 Bc8 24.Be2 b4 25.Bb2 Bd7 26.h4 Nf8 27.f4 exf4 28.gxf4 Bxh4 29.e5 Rcc8
30.Nef3 Bg3 31.Nd4 Ng6 32.e6 fxe6 33.dxe6 Nxe6 34.Rxc8+ Rxc8 35.Bxa6 Nxd4
36.Bxd4 Rc2 37.Bc4+ Kh8 38.Be3 Bc6 39.a6 d5 40.Bd3 Rc3 41.Bxg6 Rxe3 42.Bf5 g6
43.Bc8 Re8 44.Bb7 Bxb7 45.axb7 Rb8 46.Kg2 Bh4 47.Nf3 Bf6 48.Rd1 Rxb7 49.Rxd5 Ra7
50.Rb5 Bc3 51.Ng5 Ra2+ 52.Kf3 Rb2 53.Rb8+ Kg7 54.Rb7+ Kg8 55.Rb8+ Kg7 56.Rb7+ Kf8
57.Nxh7+ Ke8 58.Ke4 Rxb3 59.f5 gxf5+ 60.Kxf5 Rb1 61.Ke6 Kd8 62.Kd5 Bd2 63.Kc4 Rc1+
64.Kd3 Bc3 65.Ng5 Kc8 66.Rb5 Kd7 67.Ne4 Kc6  1/2-1/2

[Event "Extraliga CZE"]
[Site "Ostrava CZE"]
[Date "2000.01.15"]
[Round "6"]
[White "Chernyshov,K"]
[Black "David,P"]
[Result "1-0"]
[WhiteElo "2483"]
[BlackElo "2432"]

1.e4 c5 2.Nf3 d6 3.Bb5+ Bd7 4.a4 Nc6 5.O-O Nf6 6.Re1 g6 7.Bxc6 Bxc6 8.e5 dxe5
9.Nxe5 Qd5 10.Nxc6 Qxc6 11.Qe2 e6 12.Qb5 Rc8 13.Na3 Be7 14.Nc4 O-O 15.Na5 Qc7
16.Qxb7 Qxb7 17.Nxb7 c4 18.b3 cxb3 19.cxb3 Nd5 20.Na5 Rc2 21.Re4 Rb8 22.Kf1 Bd8
23.Rc4 Rxc4 24.Nxc4 Rxb3 25.Ba3 Bf6 26.Rc1 Nb6 27.Bc5 Nxa4 28.Bxa7 Rb7 29.Nd6 Rd7
30.Rc8+ Rd8 31.Rc6 Be5 32.Nc4 Bd4 33.Bxd4 Rxd4 34.Rc7 Rd5 35.Ne3 Rxd2 36.Ng4 Nb6
37.Nh6+ Kg7 38.Nxf7 Rd7 39.Ng5 e5 40.Rc6 Nd5 41.g3 Nf6 42.Re6 e4 43.Ke2 h6
44.Nxe4 Nxe4 45.Rxe4 Ra7 46.Kf3 Ra3+ 47.Re3 Ra7 48.g4 Rf7+ 49.Kg3 Ra7 50.h4 Rb7
51.Re5 Ra7 52.Rd5 Rb7 53.f3 Ra7 54.Kf4 Rf7+ 55.Ke4 Re7+ 56.Re5 Ra7 57.Rd5 Re7+
58.Re5 Ra7 59.Rc5 Re7+ 60.Kd4 Rf7 61.Rc3 Kf6 62.Ke3 Kg7 63.f4 Re7+ 64.Kd4 Rd7+
65.Ke5 Re7+ 66.Kd5 Ra7 67.Rc6 Rf7 68.Rc4 Ra7 69.Kd6 Kf6 70.Rc6 Ra4 71.Kd5+ Kf7
72.Rc4 Ra7 73.Rc8 Rd7+ 74.Ke4 Re7+ 75.Kf3 Kg7 76.Rc5 Ra7 77.Ke4 Kf6 78.h5 Ra4+
79.Kf3 Ra3+ 80.Kf2 Ra2+ 81.Kg3 Ra3+ 82.Kh4 gxh5 83.Rxh5 Kg6 84.Rb5 Ra1 85.Rb6+ Kg7
86.Kg3 Ra3+ 87.Kf2 Rc3 88.Re6 Ra3 89.Re3 Ra4 90.Kf3 Kf6 91.Rc3 Rb4 92.Rc6+ Kg7
93.Rd6 Ra4 94.Ke3 Rb4 95.Rd4 Rb1 96.Ke4 Rb8 97.Rd7+ Kf6 98.Rd6+ Kg7 99.Ke5 Re8+
100.Re6 Ra8 101.Re7+ Kf8 102.Rd7 Ra4 103.Rd4 Ra5+ 104.Ke6 Ra6+ 105.Rd6 Ra4
106.f5 Re4+ 107.Kf6 Kg8 108.Rd8+ Kh7 109.Rd7+ Kh8 110.g5 hxg5 111.Kg6 Re8
112.Rh7+ Kg8 113.f6 Re6 114.Ra7  1-0

[Event "V Ubeda Open"]
[Site "Ubeda ESP"]
[Date "2000.01.21"]
[Round "3"]
[White "Turov,M"]
[Black "Candela Perez,J"]
[Result "1/2-1/2"]
[WhiteElo "2526"]
[BlackElo "2409"]

1.e4 c5 2.Nf3 d6 3.Bb5+ Bd7 4.Bxd7+ Nxd7 5.O-O Ngf6 6.d3 e6 7.Ng5 h6 8.Nh3 Be7
9.f4 c4 10.Nc3 cxd3 11.cxd3 Qb6+ 12.Kh1 Rc8 13.Qe2 O-O 14.g4 Nh7 15.Be3 Qa6
16.Rad1 Bf6 17.g5 hxg5 18.Rg1 g6 19.fxg5 Bxc3 20.bxc3 Rxc3 21.Nf2 Ne5 22.Bd4 Ra3
23.Qe3 Nd7 24.Ng4 e5 25.Qh3 exd4 26.Nh6+ Kg7 27.Nf5+ Kh8 28.Rg4 Rxd3 29.Rxd3 Rc8
30.Ne7 Ne5 31.Nxc8 Nxg4 32.Rf3 Ne5 33.Ne7 Qc4 34.Rf1 d3 35.Qc8+ Qxc8 36.Nxc8 Nxg5
37.Nxd6 Ng4 38.Nc4 Kg7 39.h3 Nxh3 40.Nd2 Ne5 41.Kg2 Ng5 42.a4 b6 43.Rb1 f5
44.exf5 gxf5 45.Kf2 Ne4+ 46.Nxe4 fxe4 47.Rb4 Ng4+ 48.Ke1 Nf6 49.Kd2 Kg6 50.a5 bxa5
51.Rb5 a4 52.Ra5 Ng4 53.Rxa4 Kf5 54.Rxa7 Ne5 55.Ra8 Nc4+ 56.Kc3 d2 57.Ra1 e3
58.Kd3 Kf4 59.Rf1+ Ke5 60.Ke2 Kd4 61.Rf8 Kc3 62.Rd8 Kc2 63.Rd4 Kc3 64.Rd3+ Kc2
65.Rd4 Kc3  1/2-1/2

[Event "V Ubeda Open"]
[Site "Ubeda ESP"]
[Date "2000.01.21"]
[Round "3"]
[White "Zakharov,Aleksej"]
[Black "Stocek,J"]
[Result "1-0"]
[WhiteElo "2124"]
[BlackElo "2496"]

1.e4 c5 2.Nf3 d6 3.Bb5+ Nd7 4.c3 Nf6 5.Qe2 a6 6.Ba4 Qc7 7.O-O c4 8.Bc2 e5
9.a4 Qc6 10.Na3 b5 11.axb5 axb5 12.d4 Be7 13.h3 O-O 14.d5 Qa6 15.Be3 Qb7
16.Rfb1 Nb6 17.Bxb6 Qxb6 18.Nxc4 Qb8 19.Rxa8 Qxa8 20.Na3 b4 21.cxb4 Nh5 22.g3 g6
23.Kh2 Qb7 24.b5 Qd7 25.Ng1 Qa7 26.Bd3 Bd7 27.Nc2 Bg5 28.Ra1 Qc5 29.b4 Qc7
30.Ra6 Rc8 31.Nf3 Bh6 32.b6 Qb8 33.Na3 Rc1 34.Ra7 Bxh3 35.Ng1 Bc8 36.Nc4 Rc3
37.Qf3 f5 38.Ne2 Rb3 39.Na5 Rxb4 40.Nc6 Qxb6 41.Ra8 Rb3 42.Rxc8+ Kg7 43.Kg2 Nf6
44.Rb8 fxe4 45.Bxe4 Qxb8 46.Nxb8 Rxf3 47.Kxf3 Bd2 48.g4 Kh6 49.Nc6 Kg5 50.Nd8 Nxe4
51.Ne6+ Kh4 52.Kxe4 Kxg4 53.Nf8 h5 54.Nxg6 h4 55.Ng1 h3 56.Nf3 Be1 57.Ke3 e4
58.Nh2+ Kf5 59.Ne7+ Kf6 60.Nc6 Kf5 61.Nf1 Kg6 62.Nd4 Kf6 63.Nc2 Ba5 64.Kxe4 Bb6
65.Nd4 Bc5 66.f4  1-0